00902pam a2200277 a 45000010008000000030012000080050017000200080041000370100017000780200022000950400022001170500021001390820018001601000021001782450045001992600057002443000027003015000020003286500028003486500050003766500014004269060045004409420012004859990017004979520110005144018468NUST - PNEC20170116181132.0971028s1998 inu 001 0 eng  a 97043430  a0139010424 (case) aDLCcLIBRARYdDLC00aQC381b.N85 199800a681.4 NUS2211 aNussbaum, Allen.10aOptical system design /cAllen Nussbaum. aUpper Saddle River, NJ :bPrentice Hall PTR,cc1998. axiii, 203 p. ;c24 cm. aIncludes index. 0aGeometrical optics.xME 0aOptical instrumentsxDesign and construction. 0aMatrices. a7bcbccorignewd1eocipf19gy-gencatlg 2ddccBK c70004d70004 00102ddc4070aPNECbPNECcWING-Bd0000-00-00l0o681.4 NUSpPNECLIB-025284r2015-10-06w0000-00-00yBK